|
|
|
|
| LEADER |
00000nam0a2200000 4500 |
| 001 |
146296 |
| 005 |
20231101221219.0 |
| 010 |
|
|
|a 9785943873690
|b 3000 экз.
|
| 021 |
|
|
|a RU
|b 08-76058
|9 08-4392
|
| 035 |
|
|
|a (RuTPU)RU\TPU\book\158590
|
| 090 |
|
|
|a 146296
|
| 100 |
|
|
|a 20081119d2008 km y0rusy5002 ca
|
| 101 |
0 |
|
|a rus
|
| 102 |
|
|
|a RU
|
| 105 |
|
|
|a a z 001zy
|
| 200 |
1 |
|
|a 500 схем для радиолюбителей. Радиостанции и трансиверы
|f А. П. Семьян
|
| 205 |
|
|
|a 2-е изд., перераб. и доп.
|
| 210 |
|
|
|a СПб.
|c Наука и техника
|d 2008
|
| 215 |
|
|
|a 264 с.
|c ил.
|
| 225 |
1 |
|
|a Радиолюбитель
|
| 320 |
|
|
|a Библиогр.: с. 262-264.
|
| 330 |
|
|
|a Книга продолжает ряд тематических изданий в серии «Радиолюбитель». Названия этих книг начинаются словами «500 схем...» с уточняющими названиями «Приемники», «Источники питания», «Шпионские штучки», «Электронные датчики». В них собраны наиболее интересные схемы полезных устройств, дается возможность каждому радиолюбителю выбрать то, что ему необходимо из великого множества схем и конструкций, проверенных и испытанных на практике. В данной книге представлены схемные решения РАДИОСТАНЦИЙ И ТРАНСИВЕРОВ, т.е. описаны конструкции устройств, позволяющих организовать радиосвязь на расстоянии. Многие из приведенных описаний содержат рисунок печатной платы, что значительно облегчает повторение радиолюбителем понравившейся конструкции. Схемы располагаются в очередности «от простого к сложному». Приводимого краткого описания вполне достаточно для самостоятельного изготовления понравившейся конструкции. Авторские права на рассмотренные в книге схемы принадлежат соответствующим разработчикам и издателям, о чем сделаны ссылки по тексту. В указанных первоисточниках можно найти подробное описание рассмотренных в книге устройств. Книга рассчитана как для начинающих, так и на «продвинутых» радиолюбителей, увлекающихся практической радиоэлектроникой.
|
| 606 |
0 |
|
|a Радиоэлектронная аппаратура самодельная
|x Схемы
|2 RuMRKP
|9 48112
|
| 606 |
0 |
|
|a Радиолюбительство
|2 RuMRKP
|9 47536
|
| 606 |
1 |
|
|a Радиостанции
|x Оборудование
|x Монтаж
|2 stltpush
|3 (RuTPU)RU\TPU\subj\23133
|9 47776
|
| 606 |
1 |
|
|a Трансиверы
|2 stltpush
|3 (RuTPU)RU\TPU\subj\61287
|9 78489
|
| 610 |
1 |
|
|a радиолюбительские трансиверы
|
| 610 |
1 |
|
|a радиолюбительские радиостанции
|
| 610 |
1 |
|
|a схемы
|
| 610 |
1 |
|
|a схемные решения
|
| 610 |
1 |
|
|a конструкции
|
| 610 |
1 |
|
|a печатные платы
|
| 610 |
1 |
|
|a самостоятельное изготовление
|
| 610 |
1 |
|
|a радиоэлектроника
|
| 675 |
|
|
|a 621.396.7
|v 3
|
| 675 |
|
|
|a 621.396.61.029
|v 3
|
| 700 |
|
1 |
|a Семьян
|b А. П.
|
| 801 |
|
1 |
|a RU
|b 63413507
|c 20081029
|g PSBO
|
| 801 |
|
2 |
|a RU
|b 63413507
|c 20130916
|g PSBO
|
| 942 |
|
|
|c BK
|
| 959 |
|
|
|a 96/20081028
|d 1
|e 176,00
|f ЧЗТЛ:1
|